000 00238nam a22001097a 4500
082 _a910 WIL'L
100 _aWILSON, EARL
_935713
245 _aLOOK WHO'S ABROAD NOW
260 _aNEWYORK
_bBOUBLEDAY
_c1953
300 _a254P
942 _cBK
999 _c568135
_d568135